UBT Library

How to study physics. (Record no. 42739)

000 -LEADER
fixed length control field 00552cam a22002291 4500
001 - CONTROL NUMBER
control field 9765835
005 - DATE AND TIME OF LATEST TRANSACTION
control field 20180216034509.0
008 - FIXED-LENGTH DATA ELEMENTS--GENERAL INFORMATION
fixed length control field 750320s1949 xx 000 0 eng
010 ## - LIBRARY OF CONGRESS CONTROL NUMBER
LC control number 49048313
035 ## - SYSTEM CONTROL NUMBER
System control number (OCoLC)1226112
040 ## - CATALOGING SOURCE
Original cataloging agency DLC
Transcribing agency GAT
Modifying agency DLC
041 ## - LANGUAGE CODE
Language code of text/sound track or separate title eng
042 ## - AUTHENTICATION CODE
Authentication code premarc
080 ## - UNIVERSAL DECIMAL CLASSIFICATION NUMBER
Universal Decimal Classification number 530.711 sev
082 ## - DEWEY DECIMAL CLASSIFICATION NUMBER
Classification number 530.711 sev
100 1# - Rafti
Rafti 42
101 ## - Shkurtesa
Shkurtesa fis
245 00 - TITLE STATEMENT
Title How to study physics.
504 ## - BIBLIOGRAPHY, ETC. NOTE
Bibliography, etc Bibliographical footnotes.
906 ## - LOCAL DATA ELEMENT F, LDF (RLIN)
a 7
b cbc
c oclcrpl
d u
e ncip
f 19
g y-gencatlg
942 ## - ADDED ENTRY ELEMENTS (KOHA)
Source of classification or shelving scheme
Item type Books
Holdings
Withdrawn status Lost status Source of classification or shelving scheme Damaged status Not for loan Collection code Permanent location Current location Shelving location Date acquired Total Checkouts Full call number Barcode Date last seen Price effective from Koha item type
          Koleksioni i përgjithshem UBT - Lipjan UBT - Lipjan Koleksioni i përgjithshem 02/16/2018   530.711 sev 002-2997302 02/16/2018 02/16/2018 Books
UBT Library © 2015-2024. All rights reserved University Education for Business and Technology